The Handbook of Social Psychology / Volume One Fourth Edition (Record no. 2267)
[ view plain ]
| 000 -LEADER | |
|---|---|
| fixed length control field | 01282cam a22002294a 4500 |
| 005 - ΗΜΕΡΟΜΗΝΙΑ ΚΑΙ ΩΡΑ ΤΕΛΕΥΤΑΙΑΣ ΕΝΗΜΕΡΩΣΗΣ | |
| Πεδίο ελέγχου | 20250605164036.0 |
| 008 - FIXED-LENGTH DATA ELEMENTS--GENERAL INFORMATION | |
| Πεδίο ελέγχου σταθερού μήκους | 250528s ||||||||||||||||||||||||d |
| 035 ## - SYSTEM CONTROL NUMBER | |
| System control number | 16805 |
| 020 ## - ISBN | |
| ISBN | 195213769 |
| 040 ## - ΠΗΓΗ ΚΑΤΑΛΟΓΟΓΡΑΦΗΣΗΣ | |
| Φορέας πρωτότυπης καταλογογράφησης | MC Athens Campus Library |
| Γλώσσα καταλογογράφησης | Ελληνικά, Μοντέρνα (1453-) |
| Modifying agency | MC Athens Campus Library |
| Κανόνες περιγραφικής καταλογογράφησης | AACR2 |
| 245 1# - ΤΙΤΛΟΣ ΚΑΙ ΔΗΛΩΣΗ ΥΠΕΥΘΥΝΟΤΗΤΑΣ | |
| Τίτλος | The Handbook of Social Psychology / Volume One Fourth Edition |
| 250 ## - EDITION STATEMENT | |
| Edition statement | 4th |
| 260 ## - PUBLICATION, DISTRIBUTION, ETC. | |
| Name of publisher, distributor, etc. | Mcgraw Hill Publishing Company, |
| Date of publication, distribution, etc. | 1998 |
| 300 ## - PHYSICAL DESCRIPTION | |
| Extent | 868 |
| 520 ## - SUMMARY, ETC. | |
| Summary, etc. | Preface, Historical Perspectives, Major Developments in Five Decades of Social Psychology, The Social Being in Social Psychology, Methodological Perspectives, Experimentation in Social Psychology, Survey Methods, Measurement, Data Analysis in Social Psychology, Intrapersonal Phenomena, Attitudes Structure and Function, Attitude Change: Multiple Roles for Persuasion Variables, Mental Representation and Memory, Control and Automaticity in Social Life, Behavioral Decision Making and Judgement, Motivation, Emotions, Personal Phenomena, Understanding Personality and Social Behavior: A Functionalist Strategy, The Self, Social Development in Childhood and Adulthood, Gender, Indexes. |
| 700 1# - ΠΡΟΣΘΕΤΗ ΑΝΑΓΡΑΦΗ--ΦΥΣΙΚΟ ΠΡΟΣΩΠΟ | |
| Personal name | Fiske Susan |
| 9 (RLIN) | 584 |
| 700 1# - ΠΡΟΣΘΕΤΗ ΑΝΑΓΡΑΦΗ--ΦΥΣΙΚΟ ΠΡΟΣΩΠΟ | |
| Personal name | Gilbert Daniel |
| 9 (RLIN) | 2900 |
| 700 1# - ΠΡΟΣΘΕΤΗ ΑΝΑΓΡΑΦΗ--ΦΥΣΙΚΟ ΠΡΟΣΩΠΟ | |
| Personal name | Lindzey Gardner |
| 9 (RLIN) | 2901 |
| 942 ## - ADDED ENTRY ELEMENTS (KOHA) | |
| Koha item type | Books |
| Τύπος τεκμηρίου | Βιβλιοθήκη | Τρέχουσα τοποθεσία | Barcode | Αριθμός εισαγωγής | Ημερομηνία απόκτησης | Ταξιθετικό σύμβολο | Αριθμός αντιτύπου | Κατάσταση απόσυρσης | Κατάσταση χαμένου | Κατάσταση κατεστραμμένου | Μη δανεισμός | Σύνολο δανεισμών | Ημερομηνία τελευταίας εμφάνισης | Η τιμή ισχύει από |
|---|---|---|---|---|---|---|---|---|---|---|---|---|---|---|
| Books | MC Athens Campus Library | MC Athens Campus Library | 9780000022660 | 5050 | 05/06/2025 | REF 302 GIL V.1 | 1 | 05/06/2025 | 05/06/2025 |